| 000 | 00820nam a2200241 a 4500 | ||
|---|---|---|---|
| 001 | 44756 | ||
| 003 | BD-RjUL | ||
| 005 | 20211209053919.0 | ||
| 008 | 160720s1967 pk ||||| |||| 00| f ben d | ||
| 020 | _c: PRs. 7.50 | ||
| 035 | _a(BD-RjUL)44874 | ||
| 040 |
_aBD-RjUL _bben _cBD-RjUL |
||
| 041 | _aben | ||
| 082 |
_223 _a891.443 _bJAL 1967 |
||
| 100 | 1 |
_aজরাসন্ধ _9119755 |
|
| 245 | 1 | 0 |
_aলৌহকপাট / _cজরাসন্ধ |
| 260 |
_aঢাকা : _bরুহুল আমীন নিজামী, _c[১৯৬৭] |
||
| 300 |
_a পর্ব ; _c২১ সেমি. |
||
| 505 | 0 | _aপর্ব (১-২ একত্রে) -- পর্ব (৩-৪ একত্রে) | |
| 650 |
_aবাংলা উপন্যাস _9137216 |
||
| 650 |
_aBengali Fiction _9137217 |
||
| 942 |
_2ddc _cBK |
||
| 999 |
_c44756 _d44756 |
||